000 00447nam a2200181Ia 4500
003 LK-CoDNM
005 20240912113115.0
008 010623t1894 xxu||||| |||| 00| 1 eng d
040 _aLK-CoDNM
_dLK-CoDNM
_eLK-CoDNM
041 _aeng
080 _a6
_bN21
100 _aGregory, Lady
245 _aSir William Gregory K.C.M.G.
260 _bJohn Murray
_aLondon
_c1894
300 _bvii, 440p. ; 22 cm
650 _aAutobiography
942 _cBK
999 _c83903
_d83903